Construction contracting (Record no. 95183)

MARC details
000 -LEADER
fixed length control field 00494cam a2200205 4500
001 - CONTROL NUMBER
control field D2494
008 - FIXED-LENGTH DATA ELEMENTS--GENERAL INFORMATION
fixed length control field 090401t1981 xxu||||| |||| 00| 0 eng d
035 ## - SYSTEM CONTROL NUMBER
System control number (Sirsi) u69289
041 ## - LANGUAGE CODE
Language code of text/sound track or separate title eng
050 ## - LIBRARY OF CONGRESS CALL NUMBER
Classification number 692.80973
100 ## - MAIN ENTRY--PERSONAL NAME
Personal name Clough, Richard H.
245 ## - TITLE STATEMENT
Title Construction contracting
250 ## - EDITION STATEMENT
Edition statement 4th
260 ## - PUBLICATION, DISTRIBUTION, ETC.
Place of publication, distribution, etc. New York
Name of publisher, distributor, etc. John Wiley and Sons
Date of publication, distribution, etc. 1981
300 ## - PHYSICAL DESCRIPTION
Extent x. 502p. 26cm
350 ## - PRICE (NR) (BK AM CF MU VM SE) [OBSOLETE]
Price 21.5
490 ## - SERIES STATEMENT
Series statement Wiley-Interscience Publication
942 ## - ADDED ENTRY ELEMENTS (KOHA)
Suppress in OPAC 0
948 ## - LOCAL PROCESSING INFORMATION (OCLC); SERIES PART DESIGNATOR (RLIN)
c (OCLC) 04/03/1997
Holdings
Withdrawn status Lost status Source of classification or shelving scheme Damaged status Not for loan Home library Current library Shelving location Date acquired Cost, normal purchase price Total Checkouts Full call number Barcode Date last seen Date last checked out Copy number Cost, replacement price Price effective from Koha item type
    Dewey Decimal Classification     London London Basement 14/09/1999 21.50 1 SHELF 329 30023705 06/08/2019 09/06/2004 1 21.50 06/08/2019 Book